Biggest Greek Cities - Statistics

General Stats
  • This quiz has been taken 342 times
  • The average score is 9 of 20
Answer Stats
Hint Answer % Correct
3.074mil Athens
100%
790k Thessaloniki
92%
214k Patra
74%
163k Larissa
57%
108k Chania
55%
144k Volos
54%
112k Ioannina
51%
70k kalamata
45%
70k kavala
44%
119k Rhodes
43%
75k Lamia
39%
73k Alexandroupoli
37%
76k Serres
36%
81k Trikala
35%
103k Chalkida
29%
94k Agrinio
28%
174k Irakleio
26%
70k kozani
25%
86k Katerini
24%
67k Veria
19%
No matching quizzes found
Score Distribution
Percent of People with Each Score
Percentile by Number Answered
Your Score History
You have not taken this quiz